Current issues and trends in Education in sub- saharan Africa: (Record no. 917)

000 -LEADER
fixed length control field 00944nam a22002177a 4500
003 - CONTROL NUMBER IDENTIFIER
control field OSt
005 - DATE AND TIME OF LATEST TRANSACTION
control field 20140116120841.0
008 - FIXED-LENGTH DATA ELEMENTS--GENERAL INFORMATION
fixed length control field 120515t xxu||||| |||| 00| 0 eng d
020 ## - INTERNATIONAL STANDARD BOOK NUMBER
International Standard Book Number 9789966015105
040 ## - CATALOGING SOURCE
Original cataloging agency LoC
Language of cataloging English
050 ## - LIBRARY OF CONGRESS CALL NUMBER
Classification number LA1501.C39 2011
245 ## - TITLE STATEMENT
Title Current issues and trends in Education in sub- saharan Africa:
Remainder of title Proceedings of the 2008 interdisciplinary session of the faculty of education, CUEA /
Statement of responsibility, etc Editors: Belainesh Araya and Amanuel A. Teklemarian.
260 ## - PUBLICATION, DISTRIBUTION, ETC. (IMPRINT)
Place of publication, distribution, etc Nairobi :
Name of publisher, distributor, etc CUEA Press,
Date of publication, distribution, etc 2011.
300 ## - PHYSICAL DESCRIPTION
Extent ix.; 200p.
504 ## - BIBLIOGRAPHY, ETC. NOTE
Bibliography, etc Includes bibliographical references.
505 ## - FORMATTED CONTENTS NOTE
Formatted contents note Section One: Trends and challenges in special education and early childhood education---Section two: Trends and challenges in gender and education---Section Three: general trends and challenges in education.
650 ## - SUBJECT ADDED ENTRY--TOPICAL TERM
Topical term or geographic name as entry element Education
700 ## - ADDED ENTRY--PERSONAL NAME
Personal name Araya, Belainesh.
700 ## - ADDED ENTRY--PERSONAL NAME
Personal name Teklemariam, A. Amanuel.
942 ## - ADDED ENTRY ELEMENTS (KOHA)
Source of classification or shelving scheme
Koha item type Book
Holdings
Withdrawn status Lost status Source of classification or shelving scheme Damaged status Not for loan Home library Current library Date acquired Total Checkouts Full call number Barcode Date last seen Date checked out Copy number Price effective from Koha item type Total Renewals Shelving location
          Riara University Library Riara University Library 15/05/2012 3 LA1501.C39 2011 3329/12 27/02/2017 30/01/2017 C.1 15/05/2012 Book    
          Riara University Library Riara University Library 15/05/2012 4 LA1501.C39 2011 3330/12 02/02/2016 17/04/2015 C.2 15/05/2012 Book 2  
          Riara University Library Riara University Library 15/05/2012 4 LA1501.C39 2011 3331/12 03/02/2016 10/12/2015 C.3 15/05/2012 Book    
          Riara University Library Riara University Library 03/02/2016   LA1501.C39 2011 6807/16 03/02/2016   C.4 03/02/2016 Book   General stack
          Riara University Library Riara University Library 03/02/2016 1 LA1501.C39 2011 6808/16 29/02/2016 18/02/2016 C.5 03/02/2016 Book   General stack
          Riara University Library Riara University Library 03/02/2016   LA1501.C39 2011 6809/16 05/06/2017   C.6 03/02/2016 Book   General stack

Riara University Library,
P.O. Box 49940-00100,
Nairobi, Kenya.